| 000 | 00682nam a22002057a 4500 | ||
|---|---|---|---|
| 005 | 20240530110902.0 | ||
| 008 | 220214s1988 ua g 000 0 ara d | ||
| 040 |
_aEG-CaGPL _cEG-CaGPL |
||
| 082 | 0 | 4 |
_221 _a322.1/ _bس ا |
| 100 | 1 | _aمصطفى الفقى | |
| 245 | 1 | 2 |
_aالاقباط فى السياسة المصرية : _bمكرم عبيد ودوره فى الحركة الوطنية / |
| 250 | _aط. 1 | ||
| 260 |
_aالقاهرة : _bدار الشروق ، _c1988 |
||
| 300 |
_a168 ص. ؛ _c24سم |
||
| 650 | 0 | 7 |
_2qrmak _aالاقباط |
| 650 | 0 | 7 | _aمكرم عبيد |
| 651 |
_2qrmak _aمصر |
||
| 942 |
_2ddc _cBK |
||
| 999 |
_c66149 _d66149 |
||